ՀՀ Գիտությունների ազգային ակադեմիայի հիմնարար գիտական գրադարան  =   Fundamental Scientific Library of NAS RA

Սահանք : (Record no. 98835)

MARC details
000 -LEADER
fixed length control field 01015nam a2200229 a 4500
001 - CONTROL NUMBER
control field 000272505
003 - CONTROL NUMBER IDENTIFIER
control field AM-YeHGA
005 - DATE AND TIME OF LATEST TRANSACTION
control field 20250618071809.0
008 - FIXED-LENGTH DATA ELEMENTS--GENERAL INFORMATION
fixed length control field 031015s1982 ai 000 | arm d
040 ## - CATALOGING SOURCE
Original cataloging agency AM-YeHGA
041 0# - LANGUAGE CODE
Language code of text/sound track or separate title arm
090 ## - LOCALLY ASSIGNED LC-TYPE CALL NUMBER (OCLC); LOCAL CALL NUMBER (RLIN)
-- 100146
245 10 - TITLE STATEMENT
Title Սահանք :
Remainder of title Նորավեպեր և վիպակներ /
Statement of responsibility, etc. Ս. Թնկըրյան; Կազմ., խմբ. և առաջաբ.՝ Ս. Կուրտիկյան Խմբ.՝ Ռ.Մ. Մուրադյան.
260 ## - PUBLICATION, DISTRIBUTION, ETC.
Place of publication, distribution, etc. Երևան :
Name of publisher, distributor, etc. Սովետական գրող,
Date of publication, distribution, etc. 1982.
300 ## - PHYSICAL DESCRIPTION
Extent 292 էջ :
Other physical details դիմանկ. ;
Dimensions 20 սմ.
440 #0 - SERIES STATEMENT/ADDED ENTRY--TITLE
Title Սփյուռքահայ գրողներ
504 ## - BIBLIOGRAPHY, ETC. NOTE
Bibliography, etc. note Տողատակի ծանոթագր.
650 14 - SUBJECT ADDED ENTRY--TOPICAL TERM
Topical term or geographic name entry element Սփյուռքահայ գրականություն
General subdivision Նովել
650 14 - SUBJECT ADDED ENTRY--TOPICAL TERM
Topical term or geographic name entry element Սփյուռքահայ գրականություն
General subdivision Վիպակ
700 1# - ADDED ENTRY--PERSONAL NAME
Personal name Կուրտիկյան, Ստեփան Միհրանի,
Dates associated with a name 1908-1986
Relator term կազմ.
Relationship com
Relator term խմբ.
Relationship edt
Relator term առաջաբ.
Relationship aui
9 (RLIN) 703
700 1# - ADDED ENTRY--PERSONAL NAME
Personal name Մուրադյան, Ռ.Մ.
Relator term խմբ.
Relationship edt
Holdings
Withdrawn status Lost status Damaged status Not for loan Collection Home library Current library Date acquired Total checkouts Full call number Barcode Date last seen Price effective from Koha item type Public note
        General Fundamental Scientific Library Fundamental Scientific Library 22/12/2016   891.981 220068597 22/12/2016 22/12/2016 Գրքեր / Books 30 Days Loan


ՀՀ ԳԱԱ հիմնարար գիտական գրադարան
ՀՀ,Երևան 0019
Մարշալ Բաղրամյան 24/6
հեռախոս:(374-10) 52-47-50
Հետադարձ կապ

All site content, except where otherwise noted, is licensed under a
Creative Commons License